| 000 | 00929nam a2200277 a 4500 | ||
|---|---|---|---|
| 001 | 1869833 | ||
| 003 | OSt | ||
| 005 | 20210218114744.0 | ||
| 008 | 850613s1982 caua 001 0 eng | ||
| 010 | _a 82188809 | ||
| 020 | _a0942364104 | ||
| 040 |
_aDLC _cDLC _dDLC _dPHNSL |
||
| 050 | 0 | 0 |
_aRA771 _b.W46 1982 |
| 082 | 0 | 0 |
_a610/.7 _219 |
| 100 | 1 |
_aWerner, David, _d1934- |
|
| 245 | 1 | 0 |
_aHelping health workers learn : _ba book of methods, aids, and ideas for instructors at the village level / _cDavid Werner and Bill Bower ; drawings by David Werner ... [et al.]. |
| 250 | _a1st ed. | ||
| 260 |
_aPalo Alto, Calif. : _bHesperian Foundation, _c1982. |
||
| 300 |
_a1 v. (various pagings) : _bill. ; _c26 cm. |
||
| 500 | _aIncludes index. | ||
| 650 | 0 |
_aMedicine, Rural _xStudy and teaching. |
|
| 650 | 0 | _aHealth education. | |
| 700 | 1 | _aBower, Bill. | |
| 906 |
_a7 _bcbc _corignew _d3 _encip _f19 _gy-gencatlg |
||
| 942 |
_2lcc _cBK |
||
| 999 |
_c432 _d432 |
||